| 000 | 01351cam a22003737a 4500 | ||
|---|---|---|---|
| 003 | CHAP | ||
| 005 | 20220329142224.0 | ||
| 008 | 000225d1999 us r 00010 eng d | ||
| 010 | _a80117 | ||
| 011 | _a81089 | ||
| 020 | _a0520098269 | ||
| 035 | _a91550 | ||
| 040 | _cCHAP | ||
| 082 | 0 | 4 |
_a634.75 _bS8 |
| 100 | 0 | 0 |
_aGünter, Staudt. _952064 |
| 245 | 1 | 0 |
_aSystematics and geographic distribution of the american strawberry species : _btaxonomic studies in the Genus Fragaria (Rosaceae : Potentilleae _c/by Günter Staudt |
| 260 |
_aBerkeley : _bUniversity of California Press, _c1999. |
||
| 300 |
_a162 p. : _bilus. |
||
| 490 | 0 |
_aUniversity of California publications in botany _v; 81 |
|
| 590 |
_aBATCH-UPD _b10 _c20130109 _lUCH01 _h2323 |
||
| 590 |
_aBATCH-UPD _b10 _c20130110 _lUCH01 _h0317 |
||
| 590 |
_aBATCH-UPD _b10 _c20130110 _lUCH01 _h1620 |
||
| 590 |
_aBATCH-UPD _b10 _c20130409 _lUCH01 _h2350 |
||
| 590 |
_aBATCH-UPD _b10 _c20130914 _lUCH01 _h1415 |
||
| 590 |
_aCONVERSION _b10 _c20130109 _lUCH01 _h1344 |
||
| 650 | 1 | 4 |
_aFitogeografía. _941157 |
| 650 | 1 | 4 |
_aFresa _xClasificación. _943193 |
| 650 | 1 | 4 |
_aFresa _xVariedades. _943235 |
| 830 | 0 |
_aUniversity of California publications in botany _v; 81 _9116699 |
|
| 901 | _aBK | ||
| 905 | _aLilia Sánchez G. | ||
| 942 | _cLIBRO | ||
| 949 |
_a634.75 S8 _bBC _cC _d33724000748737 _eC _h97151 _i91550 _sb |
||
| 999 |
_c80117 _d80117 |
||